Jugadores de la selección ecuatoriana de fútbol por foto - Estadísticas

Estadísticas generales
  • Esta prueba ha sido intentada 39 veces
  • La puntuación promedio es 7 de 16
Estadísticas de respuestas
Imagen Respuesta % Correcto
Moisés Caicedo
94%
Enner Valencia
92%
Piero Hincapié
92%
Antonio Valencia
81%
Pervis Estupiñán
58%
Gonzalo Plata
56%
Willian Pacho
44%
Hernán Galíndez
36%
Felipe Caicedo
31%
Ángelo Preciado
22%
Alexander Domínguez
17%
Alex Aguinaga
11%
Walter Ayoví
11%
Iván Hurtado
8%
Agustín Delgado
6%
Alan Franco
6%
No se encontraron pruebas coincidentes
Distribución de puntuación
Porcentaje de gente con cada puntuación
Porcentaje por número respondido
Historial de tus puntuaciones
No has intentado esta prueba.